000 00292nam a22001337a 4500
008 180814b xxu||||| |||| 00| 0 eng d
020 _a0070314918
041 _aeng
080 _a616.12
100 _a7
101 _aKAR
245 _aUPDATE II THE HEART
_cHURST.J.W
942 _2udc
_cBK
999 _c47070
_d47070